000 00502nam a2200181Ia 4500
008 151018s9999 xx 000 0 und d
082 _bRBASDV47638
_a891.433
100 _aकांता सिन्हा
245 _aकोहश
250 _b1
260 _bपंकज बुक्स
_c2003
300 _a143
600 _aकांता सिन्हा
630 _aकोहश
700 _aकांता सिन्हा
730 _aकोहश
942 _cBOOK
999 _c1046770
_d1046767